00992nam a2200157Ia 450000500170000000800410001702000150005808200130007310000200008624500810010625000110018726000540019830000170025250005510026965000140082020240405052017.0240331s9999 xx 000 0 und d a0799220191 bTAYa330 aTaylor, Viviene 0aMarketisation of governance :bcritical feminist perspectives from the South a1 St  aSouth Africa :bSADEP university of Cape /c2000. a xv, 171 p., aWoman all over the world produce exquisite textiles, skillfully woven or elaborately embellished with beadwork and intricate embroidery. The meagre financial benefits they derive from this work bear little relation to the long hours of labor and high levels of skill, creativity and dedication required. This largely unrecognized art form is also an important repository of cultural, social and religious traditions. The cover of this books shows some examples of weaving, beadwork and embroidery created by unknown, unnamed women in the south. aFeminisum